Catálogo
 En Linea

Arena y limo / (Registro nro. 50343)

Detalles MARC
000 -CABECERA
campo de control de longitud fija 01838nam a22002897a 4500
003 - IDENTIFICADOR DEL NÚMERO DE CONTROL
campo de control DO-SdBNP
005 - FECHA Y HORA DE LA ÚLTIMA TRANSACCIÓN
campo de control 20240530073937.0
007 - CAMPO FIJO DE DESCRIPCIÓN FÍSICA--INFORMACIÓN GENERAL
campo de control de longitud fija ta
008 - DATOS DE LONGITUD FIJA--INFORMACIÓN GENERAL
campo de control de longitud fija 210831b201919 ddr 00| 0 eng spa
020 ## - NÚMERO INTERNACIONAL ESTÁNDAR DEL LIBRO
Número Internacional Estándar del Libro 9789945804546
040 ## - FUENTE DE LA CATALOGACIÓN
Centro catalogador/agencia de origen DO-SdBNP
Lengua de catalogación spa
Centro/agencia transcriptor BNPHU
082 #4 - NÚMERO DE LA CLASIFICACIÓN DECIMAL DEWEY
Número de clasificación RD864.5
Número de documento/Ítem S474a
Número de edición 22
100 1# - ENTRADA PRINCIPAL--NOMBRE DE PERSONA
Nombre de persona Sención, Guillermo,
Fechas asociadas al nombre 1957-
9 (RLIN) 79660
245 10 - MENCIÓN DE TÍTULO
Título Arena y limo /
Mención de responsabilidad, etc. Guillermo Sención Villalona ; prólogo Mateo Morrison.
246 10 - FORMA VARIANTE DE TÍTULO
Título propio/Titulo breve Arena y limo :
Resto del título ensayos y artículos.
260 ## - PUBLICACIÓN, DISTRIBUCIÓN, ETC.
Lugar de publicación, distribución, etc. Santo Domingo :
Nombre del editor, distribuidor, etc. Arcoiris Cultural,
Fecha de publicación, distribución, etc. 2019.
300 ## - DESCRIPCIÓN FÍSICA
Extensión 135 p. ;
Dimensiones 23 cm.
500 ## - NOTA GENERAL
Nota general Incluye datos biográficos del autor en las solapas
500 ## - NOTA GENERAL
Nota general Incluye referencias bibliográficas y notas al pie de las páginas
505 0# - NOTA DE CONTENIDO CON FORMATO
Nota de contenido con formato Palabras del autor --
Título Arena y limo, notas acerca de un libro de ensayos Mateo Morrison --
-- Borges: la emoción estética de leerlo --
-- De la creación artística al Realismo Mágico --
-- Alejo Carpentier o una exploración literaria de América --
-- De novelas y personajes: La perla --
-- Jean Paul Sartre (París 1905 - París 1980) --
-- Pablo Neruda (1904-1973) --
-- Los poemas de don Porfirio Villalona --
-- Desaciertos visibles en La fiesta del chivo --
-- Oscar Wilde: El encanto de su conversación --
-- Tras las huellas de la bailarina española --
-- La síntesis poética en Rafael Hilario Medina --
-- Los hijos del sol: entre el recuerdo, la pasión y la poesía --
-- La novela doble jueves y los desafíos al lenguaje --
-- La novena --
-- De fugas y visiones: un libro del doctor Jochy Herrera --
-- Los ojos de la loma del zorro --
-- La oscura noche de Adrianita.
590 ## - NOTA LOCAL (RLIN)
Nota local Inventariado, 2021 /LP<br/>
650 #0 - PUNTO DE ACCESO ADICIONAL DE MATERIA--TÉRMINO DE MATERIA
Término de materia o nombre geográfico como elemento de entrada Ensayos dominicanos
9 (RLIN) 65
650 #4 - PUNTO DE ACCESO ADICIONAL DE MATERIA--TÉRMINO DE MATERIA
Término de materia o nombre geográfico como elemento de entrada Literatura dominicana
700 1# - PUNTO DE ACCESO ADICIONAL--NOMBRE DE PERSONA
Nombre de persona Morrison, Mateo,
Fechas asociadas al nombre 1947-
Término indicativo de función/relación pról.
9 (RLIN) 1469
910 ## - DATOS DE OPCIÓN DEL USUARIO (OCLC)
Datos de opción del usuario Lopérez. Control de calidad MFF
942 ## - ELEMENTOS DE PUNTO DE ACCESO ADICIONAL (KOHA)
Fuente del sistema de clasificación o colocación Dewey Decimal Classification
Tipo de ítem Koha Libro
Existencias
Estado de retiro Estado de pérdida Fuente del sistema de clasificación o colocación Restricciones de uso No para préstamo Código de colección Localización permanente Ubicación/localización actual Ubicación en estantería Fecha de adquisición Fuente de adquisición Total de préstamos Signatura topográfica completa Código de barras Fecha visto por última vez Precio válido a partir de Tipo de ítem Koha Número de copia
    Dewey Decimal Classification Préstamo restringido   Patrimonio Dominicano Biblioteca Nacional Pedro Henríquez Ureña Biblioteca Nacional Pedro Henríquez Ureña Depósito 31.08.2021 Depósito Legal   BNPHU PD RD864.5 S474a 2021-25880 31.08.2021 31.08.2021 Libro  
    Dewey Decimal Classification Préstamo restringido   Patrimonio Dominicano Biblioteca Nacional Pedro Henríquez Ureña Biblioteca Nacional Pedro Henríquez Ureña Depósito 31.08.2021 Depósito Legal   BNPHU PD RD864.5 S474a 2021-25881 31.08.2021 31.08.2021 Libro e.2
    Dewey Decimal Classification Préstamo en sala   Dominicana de Servicio Biblioteca Nacional Pedro Henríquez Ureña Biblioteca Nacional Pedro Henríquez Ureña Depósito 31.08.2021 Depósito Legal   BNPHU DS RD864.5 S474a 2021-25882 31.08.2021 31.08.2021 Libro e.3
    Dewey Decimal Classification Préstamo en sala   Dominicana de Servicio Biblioteca Nacional Pedro Henríquez Ureña Biblioteca Nacional Pedro Henríquez Ureña Depósito 04.03.2022 Donación   BNPHU DS RD864.5 S474a 2022-0877 04.03.2022 04.03.2022 Libro e.4
    Dewey Decimal Classification Préstamo en sala   Dominicana de Servicio Biblioteca Nacional Pedro Henríquez Ureña Biblioteca Nacional Pedro Henríquez Ureña Depósito 04.03.2022 Donación   BNPHU DS RD864.5 S474a 2022-0878 04.03.2022 04.03.2022 Libro e.5

Con tecnología Koha